| 000 | 00983nam a2200277 a 4500 | ||
|---|---|---|---|
| 001 | 000013767 | ||
| 003 | DO-SdBNP | ||
| 005 | 20220609105154.0 | ||
| 007 | ta | ||
| 008 | 091130s2022 dr a 000 0 spa d | ||
| 020 | _a9789945933604 | ||
| 040 |
_aDO-SdBNP _bspa _cBNPHU |
||
| 082 |
_axxxx _bM375m |
||
| 100 | 1 |
_aMarte Grullón, Henrry A. _981822 |
|
| 245 | 0 | 0 |
_aMi garabato libro de trazos : _b3 años nivel inicial / _cHenrry A. Marte Grullón ; coautor José Aníbal Portorreal |
| 246 |
_aCuaderno de actividades para practicar la escritura : _bgrafomotricidad |
||
| 260 |
_bImpratex, _aSanto Domingo : _c2022. |
||
| 300 |
_a217 p. : _bil. ; _c22 cm. |
||
| 490 | _aSerie nivel inicial para niños/as de 2 a 5 años | ||
| 521 | _aDirigido a niños/as de 2 a 5 años | ||
| 590 | _aInventariado, 2022 / DG | ||
| 700 |
_aPortorreal, José Aníbal _ecoautor _981825 |
||
| 830 |
_nSerie nivel inicial para niños/as de 2 a 5 años _981823 |
||
| 910 | _aDG | ||
| 942 |
_2ddc _cLBS1 |
||
| 999 |
_c51988 _d51988 |
||